1857 War of Independence or clash of civilizations? : (Record no. 532876)
[ view plain ]
| 000 -LEADER | |
|---|---|
| fixed length control field | 00898cam a22002174a 4500 |
| 005 - DATE AND TIME OF LATEST TRANSACTION | |
| control field | 20191204124951.0 |
| 008 - FIXED-LENGTH DATA ELEMENTS--GENERAL INFORMATION | |
| fixed length control field | 191204b ||||| |||| 00| 0 eng d |
| 020 ## - INTERNATIONAL STANDARD BOOK NUMBER | |
| International Standard Book Number | 9780195474220 |
| 040 ## - CATALOGING SOURCE | |
| Transcribing agency | DLC |
| 082 ## - DEWEY DECIMAL CLASSIFICATION NUMBER | |
| Classification number | 954.0317 |
| Author Mark | SAL |
| 100 1# - MAIN ENTRY--PERSONAL NAME | |
| Personal name | Malik, Salahuddin. |
| 9 (RLIN) | 26493 |
| 245 10 - TITLE STATEMENT | |
| Title | 1857 War of Independence or clash of civilizations? : |
| Remainder of title | British public reactions / |
| Statement of responsibility, etc. | Salahuddin Malik. |
| 260 ## - PUBLICATION, DISTRIBUTION, ETC. | |
| Place of publication, distribution, etc. | Karachi : |
| Name of publisher, distributor, etc. | Oxford University Press, |
| Date of publication, distribution, etc. | 2008. |
| 300 ## - PHYSICAL DESCRIPTION | |
| Extent | xxvii, 288 p., [14] p. of plates : |
| Other physical details | ill., maps ; |
| Dimensions | 24 cm. |
| 504 ## - BIBLIOGRAPHY, ETC. NOTE | |
| Bibliography, etc. note | Includes bibliographical references (p. [256]-281) and Index. |
| 650 #0 - SUBJECT ADDED ENTRY--TOPICAL TERM | |
| Topical term or geographic name entry element | Public opinion |
| Geographic subdivision | Great Britain. |
| 9 (RLIN) | 26494 |
| 651 #0 - SUBJECT ADDED ENTRY--GEOGRAPHIC NAME | |
| Geographic name | India |
| General subdivision | History |
| Chronological subdivision | Sepoy Rebellion, 1857-1858 |
| General subdivision | Public opinion. |
| 9 (RLIN) | 26495 |
| 651 #0 - SUBJECT ADDED ENTRY--GEOGRAPHIC NAME | |
| Geographic name | India |
| General subdivision | Foreign public opinion, British. |
| 9 (RLIN) | 26496 |
| 651 #0 - SUBJECT ADDED ENTRY--GEOGRAPHIC NAME | |
| Geographic name | India |
| General subdivision | History |
| Chronological subdivision | Sepoy Rebellion, 1857-1858 |
| General subdivision | Religious aspects. |
| 9 (RLIN) | 26497 |
| 942 ## - ADDED ENTRY ELEMENTS (KOHA) | |
| Source of classification or shelving scheme | |
| Koha item type | Book |
| Withdrawn status | Lost status | Source of classification or shelving scheme | Damaged status | Not for loan | Permanent Location | Current Location | Date acquired | Total Checkouts | Total Renewals | Full call number | Barcode | Date last seen | Date last checked out | Price effective from | Koha item type |
|---|---|---|---|---|---|---|---|---|---|---|---|---|---|---|---|
| School of Civil and Environmental Engineering (SCEE) | School of Civil and Environmental Engineering (SCEE) | 12/04/2019 | 1 | 2 | 954.0317 SAL | NIT-7809 | 10/27/2020 | 12/04/2019 | 12/04/2019 | Book |
